Estadística. Problemas resueltos y aplicaciones

Guardat en:
Dades bibliogràfiques
Autor principal: Pérez López, César (Autor)
Format: Llibre
Idioma:espanyol
Publicat: Madrid, España Pearson Educación 2003
Col·lecció:Prentice Práctica
Matèries:
Accés en línia:Disponible Online
Etiquetes: Afegir etiqueta
Sense etiquetes, Sigues el primer a etiquetar aquest registre!

MARC

LEADER 00000nam a2200000 a 4500
001 UCK0620
003 CL-VaPUC
005 20241001091352.0
008 041015e20030000SP |||||||||||||||||spa|d
999 |c 310986  |d 310984 
020 |a 8420537802 
040 |c Pontificia Universidad Católica de Valparaíso 
082 0 4 |a 519.5 PER 2003  |2 21 
100 0 |a Pérez López, César  |e author  |9 488565 
245 1 0 |a Estadística.  |b Problemas resueltos y aplicaciones 
260 |a Madrid, España   |b Pearson Educación  |c 2003 
300 |a 485 páginas  
440 |a Prentice Práctica  |9 860255 
500 |a Incluye Cd-Rom 
583 |a last modification  |c 20140409 05:10:21  |k Rodrigo Vera 
650 0 |a Estadística matemática  |9 260028 
650 0 |a Muestreo (Estadística)  |9 270232 
650 0 |a Estadística matemática  |9 260028 
650 0 |a Distribución (Teoría de probabilidades)  |9 885830 
650 0 |a Análisis de varianza   |9 336938 
650 0 |a Análisis de regresión   |9 263763 
856 |u http://bibliografiadigital.pucv.cl.pucv.idm.oclc.org/index.php/bibliotecapucv/catalog/book/253  |y Disponible Online  
942 |c BK  |2 ddc 
945 |d 20041015 00:00:00  |a cmena 
952 |0 0  |1 0  |4 0  |6 519_500000000000000_PER_2003  |7 0  |8 R  |9 380112  |a BIBGIM  |b BIBGIM  |d 2019-11-21  |i 4072154  |o 519.5 PER 2003  |p 4072154  |r 2025-01-15  |w 2019-11-21  |y BK_R  |k EST 
952 |0 0  |1 0  |4 0  |6 519_500000000000000_PER_2003  |7 0  |8 R  |9 380113  |a BIBGIM  |b BIBGIM  |d 2019-11-21  |i 4142322  |o 519.5 PER 2003  |p 4142322  |r 2025-01-15  |w 2019-11-21  |y BK_R  |k EST 
952 |0 0  |1 0  |4 0  |6 519_500000000000000_PER_2003  |7 0  |8 R  |9 380114  |a BIBGIM  |b BIBGIM  |d 2019-11-21  |i 4229797  |o 519.5 PER 2003  |p 4229797  |r 2025-01-15  |w 2019-11-21  |y BK_R  |k EST 
952 |0 0  |1 0  |4 0  |6 519_500000000000000_PER_2003  |7 0  |8 R  |9 380115  |a BIBGIM  |b BIBGIM  |d 2019-11-21  |i 4229800  |o 519.5 PER 2003  |p 4229800  |r 2025-01-15  |w 2019-11-21  |y BK_R  |k EST 
952 |0 0  |1 0  |4 0  |6 519_500000000000000_PER_2003  |7 0  |8 R  |9 380116  |a BIBENE  |b BIBENE  |d 2019-11-21  |i 4244745  |l 3  |o 519.5 PER 2003  |p 4244745  |q 2025-05-12  |r 2025-05-08  |s 2025-05-08  |w 2019-11-21  |y BK_R  |k ICO 
952 |0 0  |1 0  |4 0  |6 519_500000000000000_PER_2003  |7 0  |8 R  |9 380117  |a BIBGIM  |b BIBGIM  |d 2019-11-21  |i 4287797  |o 519.5 PER 2003  |p 4287797  |r 2025-01-15  |w 2019-11-21  |y BK_R  |k COM 
952 |0 0  |1 0  |4 0  |6 519_500000000000000_PER_2003  |7 0  |8 R  |9 380118  |a BIBGIM  |b BIBGIM  |d 2019-11-21  |i 4287800  |o 519.5 PER 2003  |p 4287800  |r 2025-01-15  |w 2019-11-21  |y BK_R  |k COM 
952 |0 0  |1 0  |4 0  |6 519_500000000000000_PER_2003  |7 0  |8 R  |9 380119  |a BIBGIM  |b BIBGIM  |d 2019-11-21  |i 4301862  |o 519.5 PER 2003  |p 4301862  |r 2025-01-15  |w 2019-11-21  |y BK_R  |k COM 
952 |0 0  |1 0  |4 0  |6 519_500000000000000_PER_2003  |7 0  |8 R  |9 380120  |a BIBGIM  |b BIBGIM  |d 2019-11-21  |i 4301870  |o 519.5 PER 2003  |p 4301870  |r 2025-01-15  |w 2019-11-21  |y BK_R  |k COM 
952 |0 0  |1 0  |4 0  |6 519_500000000000000_PER_2003  |7 0  |8 R  |9 380121  |a BIBGIM  |b BIBGIM  |d 2019-11-21  |i 4301889  |o 519.5 PER 2003  |p 4301889  |r 2025-01-15  |w 2019-11-21  |y BK_R  |k COM 
952 |0 0  |1 0  |4 0  |6 519_500000000000000_PER_2003  |7 0  |8 R  |9 380122  |a BIBGIM  |b BIBGIM  |d 2019-11-21  |i 4301897  |o 519.5 PER 2003  |p 4301897  |r 2025-01-15  |w 2019-11-21  |y BK_R  |k COM 
952 |0 0  |1 0  |2 ddc  |4 0  |6 519_500000000000000_PER_2003  |7 0  |8 R  |9 380123  |a BIBGIM  |b BIBGIM  |d 2019-11-21  |i 4301900  |l 1  |o 519.5 PER 2003  |p 4301900  |r 2025-01-15  |s 2021-01-12  |w 2019-11-21  |y BK_R  |k COM 
952 |0 0  |1 0  |4 0  |6 519_500000000000000_PER_2003  |7 0  |8 R  |9 380124  |a BIBGIM  |b BIBGIM  |d 2019-11-21  |i 4301919  |o 519.5 PER 2003  |p 4301919  |r 2025-01-15  |w 2019-11-21  |y BK_R  |k COM 
952 |0 0  |1 0  |4 0  |6 519_500000000000000_PER_2003  |7 0  |8 R  |9 380125  |a BIBGIM  |b BIBGIM  |d 2019-11-21  |i 4301927  |o 519.5 PER 2003  |p 4301927  |r 2025-01-15  |w 2019-11-21  |y BK_R  |k COM 
952 |0 0  |1 0  |4 0  |6 519_500000000000000_PER_2003  |7 0  |8 R  |9 380126  |a BIBGIM  |b BIBGIM  |d 2019-11-21  |i 4301935  |o 519.5 PER 2003  |p 4301935  |r 2025-01-15  |w 2019-11-21  |y BK_R  |k COM